000 00824nam a2200205Ia 4500
005 20241129111242.0
008 241129s9999||||xx |||||||||||||| ||und||
037 _aTB
040 _aCRL
_bpun
_cCRL
041 _apun
_2pun
084 _aO153:g R0
_qCRL
100 _aਸਿੰਘ, ਬਮਹਮਜਗਦੀF, ਚ।
_9726335
245 0 _aਪੰਜਾਬੀ ਸਾਹਿਤ ਪ੍ਰਮੁੱਖ ਰੂਪਾਕਾਰ ਸਿੱਧਾਂਤ ਤੇ ਵਿਕਾਸ
_cਸਿੰਘ, ਬਮਹਮਜਗਦੀਸ਼, ਚ।
260 _aਅੰਮ੍ਰਿਤਸਰ, ਭਾਰਤ
_bਅੰਮ੍ਰਿਤਸਰ ਵਾਰਿਸ ਸ਼ਾਹ ਫ਼ਾਉਂਡੇਸ਼ਨ
_c2020
300 _a239ਪ੍ਰ0
365 _aINR
_b400
650 _aPunjai Literature
942 _cTB
_hO153:g R0
999 _c1229589
_d1229589